Lecciones de derecho agrario y de los recursos naturales /
Guardado en:
| Autor Principal: | |
|---|---|
| Otros Autores: | , , |
| Formato: | Libro |
| Idioma: | Spanish |
| Publicado: |
Buenos Aires :
Zavalía,
1998
|
| Edición: | 1a. ed. |
| Materias: | |
| Etiquetas: |
Agregar Etiqueta
Sin Etiquetas, Sea el primero en etiquetar este registro!
|
| LEADER | 00984nam a22002535a 4500 | ||
|---|---|---|---|
| 001 | DER.der000211 | ||
| 008 | 180615s1998####ag#||||||||||||||#||spa|| | ||
| 005 | 20250916123941.0 | ||
| 245 | 1 | 0 | |a Lecciones de derecho agrario y de los recursos naturales / |c Edmundo F. Catalano, María Elena Brunella, Carlos J. García Díaz (h), Luis E. Lucero. |
| 250 | |a 1a. ed. | ||
| 260 | |a Buenos Aires : |b Zavalía, |c 1998 | ||
| 300 | |a 404 p. | ||
| 020 | |a 9505724403 | ||
| 100 | 1 | |a Catalano, Edmundo F. | |
| 700 | 1 | |a Brunella, María Elena | |
| 700 | 1 | |a García Díaz, Carlos J. (h) | |
| 700 | 1 | |a Lucero, Luis E. | |
| 650 | 7 | |a DERECHO AMBIENTAL | |
| 859 | |a DERECHO |b BIB. DERECHO |h 346.044 |i CAT |p 000580 | ||
| 859 | |a DERECHO |b BIB. DERECHO |h 346.044 |i CAT |p 000581 |t 1 | ||
| 859 | |a DERECHO |b BIB. DERECHO |h 346.044 |i CAT |p 000582 |t 2 | ||
| 859 | |a DERECHO |b BIB. DERECHO |h 346.044 |i CAT |p 005148 |t 3 | ||
| 859 | |a DERECHO |b BIB. DERECHO |h 346.044 |i CAT |p 005149 |t 4 | ||
| 859 | |a DERECHO |b BIB. DERECHO |h 346.044 |i C357 |p 009890 |t 5 | ||
